| 000 -LEADER |
| fixed length control field |
00927nam a2200265Ia 4500 |
| 001 - CONTROL NUMBER |
| control field |
23603 |
| 003 - CONTROL NUMBER IDENTIFIER |
| control field |
GE_BSU |
| 005 - DATE AND TIME OF LATEST TRANSACTION |
| control field |
20221114121055.0 |
| 008 - FIXED-LENGTH DATA ELEMENTS--GENERAL INFORMATION |
| fixed length control field |
181216s2012|||| |||||||||||||| ||eng|| |
| 020 ## - INTERNATIONAL STANDARD BOOK NUMBER |
| International Standard Book Number |
9780135093573x |
| 040 ## - CATALOGING SOURCE |
| Transcribing agency |
GE_BSU |
| 041 ## - LANGUAGE CODE |
| Language code of text/sound track or separate title |
eng |
| 080 ## - UNIVERSAL DECIMAL CLASSIFICATION NUMBER |
| Universal Decimal Classification number |
747.09 H-24 |
| 100 ## - MAIN ENTRY--PERSONAL NAME |
| Personal name |
Harwood, Buie. |
| 9 (RLIN) |
4588 |
| 245 ## - TITLE STATEMENT |
| Title |
Architecture and Interior Design: An Integrated History to the Present / |
| Statement of responsibility, etc. |
Buie Harwood ; May, Bridge ; Sherman,Curt ; editorial Director : by R. Anthony Vernon. |
| 260 ## - PUBLICATION, DISTRIBUTION, ETC. |
| Place of publication, distribution, etc. |
Boston : |
| Name of publisher, distributor, etc. |
Prentice Hall, |
| Date of publication, distribution, etc. |
2012. |
| 300 ## - PHYSICAL DESCRIPTION |
| Extent |
882 p.: |
| Other physical details |
ill ; |
| Dimensions |
28 cm. |
| 653 ## - INDEX TERM--UNCONTROLLED |
| Uncontrolled term |
Architecture and Interior Design: An Integrated History to the Present |
| 653 ## - INDEX TERM--UNCONTROLLED |
| Uncontrolled term |
Архитектура |
| 653 ## - INDEX TERM--UNCONTROLLED |
| Uncontrolled term |
არქიტექტურა |
| 700 ## - ADDED ENTRY--PERSONAL NAME |
| Personal name |
Bridget, May |
| 9 (RLIN) |
4589 |
| 700 ## - ADDED ENTRY--PERSONAL NAME |
| Personal name |
Curt, Sherman |
| 9 (RLIN) |
4590 |
| 700 ## - ADDED ENTRY--PERSONAL NAME |
| Personal name |
Vernon R. Anthony |
| Relator term |
რედაქტორი |
| 9 (RLIN) |
4591 |
| 942 ## - ADDED ENTRY ELEMENTS (KOHA) |
| Koha item type |
წიგნი |
| Source of classification or shelving scheme |
|